| 000 | 01180cam a22003377a 4500 | ||
|---|---|---|---|
| 001 | 14335733 | ||
| 003 | OSt | ||
| 005 | 20140310182855.0 | ||
| 008 | 050323s1999 ph a b 000 0 eng | ||
| 010 | _a 2003532774 | ||
| 020 | _a9715902987 | ||
| 040 |
_aDLC _cDLC |
||
| 042 | _alcode | ||
| 043 | _aa-ph--- | ||
| 050 | 0 | 0 |
_aBV4501.2 _b.An56 1999 |
| 082 |
_aF 230 _bAn2 1999 |
||
| 100 | 1 |
_aAndres, Tomas Quintin D., _d1942- |
|
| 245 | 1 | 0 |
_aHow to become a successful Filipino Christian : _ba sequel to new dimension in Philippine Christianity / _cAndres, Tomas Quintin D. |
| 246 | 3 | 0 | _aFilipino Christian |
| 246 | 1 | 8 | _aHow to become a Filipino Christian |
| 260 |
_aPasay City, Philippines : _bPaulines Pub. House, _cc1999 _g(2000 printing) |
||
| 300 |
_a182 p. : _bill. ; _c21 cm. |
||
| 504 | _aIncludes bibliographical references (p. 174-180). | ||
| 521 | _aCollege Students | ||
| 526 | _c1210L to 1700L | ||
| 541 | _j1 | ||
| 562 | _eFor Circulation. 1 copy available in the collection | ||
| 906 |
_a7 _bcbc _corigode _d4 _encip _f19 _gy-gencatlg |
||
| 942 |
_2lcc _cBK _kFIL |
||
| 999 |
_c17014 _d17014 |
||